01875nam a2200385Ia 4500001001200000003000800012006001900020007001500039008004100054010001700095020003700112020004000149020002600189040002100215035002100236050002600257082001700283245024000300260009500540300005000635440007000685504005200755533015200807650006100959650004601020651005101066651005501117651005201172655002901224700005001253700002101303700002201324710001701346856012601363ebr10607626CaPaEBRm u cr cn|||||||||110218s2009 gr ab sb 100 0 eng d z 2010525433 z8779340245 (hd.bd. : alk. paper) z9788779340244 (hd.bd. : alk. paper) z9788779346529 (ebook) aCaPaEBRcCaPaEBR a(OCoLC)82082835714aDF221.T38bT56 2009eb04a949.5/8522200aTime's up!h[electronic resource] :bdating the Minoan eruption of Santorini : acts of the Minoan eruption chronology workshop, Sandbjerg November 2007, initiated by Jan Heinemeier & Walter L. Friedrich /cedited by David A. Warburton. aAthens :bDanish Institute at Athens ;aAarhus :bAarhus University Press [Distr.],c2009. a298 p. :bill. (some col.), maps (some col.). 0aMonographs of the Danish Institute at Athens,x1397-1433 ;vv. 10 aIncludes bibliographical references (p. 15-51). aElectronic reproduction.bPalo Alto, Calif. :cebrary,d2011.nAvailable via World Wide Web.nAccess may be limited to ebrary affiliated libraries. 0aArchaeological datingzMediterranean RegionvCongresses. 0aMinoansxHistoryxChronologyvCongresses. 0aMediterranean RegionxAntiquitiesvCongresses. 0aSantorini Volcano (Greece)xEruptionsvCongresses. 0aThera Island (Greece)xAntiquitiesvCongresses. 7aElectronic books.2local1 aFriedrich, Walter L.q(Walter Ludwig),d1938-1 aHeinemeier, Jan.1 aWarburton, David.2 aebrary, Inc.40uhttp://site.ebrary.com/lib/rucke/Doc?id=10607626zAn electronic book accessible through the World Wide Web; click to view